000 00343nam a22001337a 4500
008 181218b xxu||||| |||| 00| 0 eng d
020 _a9780781718233
041 _aeng
080 _a616.5
100 _a7
101 _aDER
245 _aGuide to Adverse Treatment Interactions for Skin, Hair and Nail Disorders
_cKatz, H.I
942 _2udc
_cBK
999 _c53393
_d53393